[Event "Deutsche Ländermeisterschaft 2023"]
[Site "Hannover GER"]
[Date "2023.10.04"]
[Round "6"]
[White "Köpnick, Amanda"]
[Black "Pohle, Saskia"]
[Result "0-1"]
[Termination "normal"]
[Board "7.5"]
[WhiteElo "1333"]
[BlackElo "1849"]
[WhiteClock "00:32:44"]
[BlackClock "00:28:38"]
[WhiteTeam "Mecklenburg-Vorpommern"]
[BlackTeam "Sachsen-Anhalt"]
[PlyCount "74"]
[WhiteFideId "34618538"]
[BlackFideId "16201604"]
[EventCountry "GER"]
[EventRounds "7"]
[EventType "team-swiss"]
[EventDate "2023.09.30"]

1. e4 {[%clk 01:30:57]} {[%emt 00:00:02]} e5 {[%clk 01:30:55]} {[%emt
00:00:05]} 2. Nf3 {[%clk 01:31:23]} {[%emt 00:00:04]} Nc6 {[%clk 01:31:19]}
{[%emt 00:00:06]} 3. Bc4 {[%clk 01:31:48]} {[%emt 00:00:04]} Nf6 {[%clk
01:31:44]} {[%emt 00:00:05]} 4. d3 {[%clk 01:32:09]} {[%emt 00:00:10]} Be7
{[%clk 01:32:08]} {[%emt 00:00:06]} 5. O-O {[%clk 01:32:25]} {[%emt 00:00:14]}
O-O {[%clk 01:32:30]} {[%emt 00:00:08]} 6. c3 {[%clk 01:32:28]} {[%emt
00:00:27]} d5 {[%clk 01:31:56]} {[%emt 00:01:04]} 7. exd5 {[%clk 01:31:30]}
{[%emt 00:01:28]} Nxd5 {[%clk 01:32:17]} {[%emt 00:00:09]} 8. Re1 {[%clk
01:29:35]} {[%emt 00:02:24]} Bg4 {[%clk 01:32:24]} {[%emt 00:00:24]} 9. h3
{[%clk 01:26:53]} {[%emt 00:03:13]} Bh5 {[%clk 01:31:58]} {[%emt 00:00:56]} 10.
Nbd2 {[%clk 01:24:52]} {[%emt 00:02:29]} a6 {[%clk 01:23:03]} {[%emt 00:09:25]}
11. a4 {[%clk 01:24:09]} {[%emt 00:01:14]} Nb6 {[%clk 01:20:54]} {[%emt
00:02:39]} 12. a5 {[%clk 01:21:29]} {[%emt 00:03:10]} Nxc4 {[%clk 01:20:02]}
{[%emt 00:01:21]} 13. Nxc4 {[%clk 01:21:36]} {[%emt 00:00:23]} f6 {[%clk
01:19:32]} {[%emt 00:01:01]} 14. b4 {[%clk 01:14:45]} {[%emt 00:07:21]} Qd5
{[%clk 01:15:15]} {[%emt 00:04:47]} 15. Ne3 {[%clk 01:12:43]} {[%emt 00:02:32]}
Qf7 {[%clk 01:12:54]} {[%emt 00:02:50]} 16. Nf5 {[%clk 01:11:37]} {[%emt
00:01:37]} Rfe8 {[%clk 01:11:12]} {[%emt 00:02:13]} 17. Ng3 {[%clk 01:10:50]}
{[%emt 00:01:16]} Bg6 {[%clk 01:11:14]} {[%emt 00:00:28]} 18. Nh4 {[%clk
01:09:51]} {[%emt 00:01:30]} Rad8 {[%clk 01:04:15]} {[%emt 00:07:29]} 19. Nxg6
{[%clk 01:07:16]} {[%emt 00:03:04]} Qxg6 {[%clk 01:04:30]} {[%emt 00:00:14]}
20. Re3 {[%clk 01:02:23]} {[%emt 00:05:24]} f5 {[%clk 01:02:22]} {[%emt
00:02:38]} 21. Nf1 {[%clk 00:58:19]} {[%emt 00:04:34]} Kh8 {[%clk 01:01:05]}
{[%emt 00:01:47]} 22. Rg3 {[%clk 00:56:35]} {[%emt 00:02:13]} Qd6 {[%clk
01:00:48]} {[%emt 00:00:47]} 23. Qh5 {[%clk 00:51:31]} {[%emt 00:05:34]} f4
{[%clk 00:57:56]} {[%emt 00:03:23]} 24. Rf3 {[%clk 00:48:14]} {[%emt 00:03:47]}
Qf6 {[%clk 00:48:45]} {[%emt 00:09:41]} 25. h4 {[%clk 00:44:37]} {[%emt
00:04:07]} Nxb4 {[%clk 00:38:30]} {[%emt 00:10:45]} 26. cxb4 {[%clk 00:43:26]}
{[%emt 00:01:40]} e4 {[%clk 00:38:53]} {[%emt 00:00:07]} 27. Rxf4 {[%clk
00:41:35]} {[%emt 00:02:22]} Qxa1 {[%clk 00:39:14]} {[%emt 00:00:09]} 28. Bd2
{[%clk 00:41:06]} {[%emt 00:00:58]} exd3 {[%clk 00:37:36]} {[%emt 00:02:08]}
29. Rc4 {[%clk 00:39:43]} {[%emt 00:01:54]} Bf6 {[%clk 00:30:35]} {[%emt
00:07:31]} 30. Rxc7 {[%clk 00:38:47]} {[%emt 00:01:25]} Re2 {[%clk 00:30:11]}
{[%emt 00:00:55]} 31. Qc5 {[%clk 00:33:19]} {[%emt 00:05:59]} Rxd2 {[%clk
00:27:49]} {[%emt 00:02:51]} 32. Rc8 {[%clk 00:33:32]} {[%emt 00:00:17]} Qxf1+
{[%clk 00:27:33]} {[%emt 00:00:46]} 33. Kh2 {[%clk 00:33:36]} {[%emt 00:00:26]}
Be5+ {[%clk 00:27:46]} {[%emt 00:00:17]} 34. Kh3 {[%clk 00:33:04]} {[%emt
00:01:02]} Qh1+ {[%clk 00:28:10]} {[%emt 00:00:06]} 35. Kg4 {[%clk 00:33:11]}
{[%emt 00:00:23]} Qxg2+ {[%clk 00:28:32]} {[%emt 00:00:09]} 36. Kf5 {[%clk
00:32:45]} {[%emt 00:00:55]} Qf3+ {[%clk 00:28:38]} {[%emt 00:00:24]} 37. Ke6
{[%clk 00:32:44]} {[%emt 00:00:31]} Qf6# {[%emt 00:00:07]} 0-1

[Event "Deutsche Ländermeisterschaft 2023"]
[Site "Hannover GER"]
[Date "2023.10.04"]
[Round "6"]
[White "Voigt, Anastasia"]
[Black "Chandrasekher, Ritu"]
[Result "1-0"]
[Termination "normal"]
[Board "7.6"]
[WhiteElo "1925"]
[BlackElo "1344"]
[WhiteClock "00:36:30"]
[BlackClock "00:51:20"]
[WhiteTeam "Sachsen-Anhalt"]
[BlackTeam "Mecklenburg-Vorpommern"]
[PlyCount "61"]
[WhiteFideId "16235223"]
[BlackFideId "34609024"]
[EventCountry "GER"]
[EventRounds "7"]
[EventType "team-swiss"]
[EventDate "2023.09.30"]

1. e4 {[%clk 01:30:58]} {[%emt 00:00:01]} c6 {[%clk 01:30:48]} {[%emt
00:00:12]} 2. d4 {[%clk 01:31:25]} {[%emt 00:00:03]} d5 {[%clk 01:31:09]}
{[%emt 00:00:08]} 3. Nc3 {[%clk 01:31:50]} {[%emt 00:00:06]} dxe4 {[%clk
01:31:18]} {[%emt 00:00:19]} 4. Nxe4 {[%clk 01:32:16]} {[%emt 00:00:06]} Nf6
{[%clk 01:31:32]} {[%emt 00:00:14]} 5. Nxf6+ {[%clk 01:32:41]} {[%emt
00:00:07]} exf6 {[%clk 01:31:50]} {[%emt 00:00:12]} 6. Be3 {[%clk 01:33:05]}
{[%emt 00:00:06]} Bd6 {[%clk 01:31:51]} {[%emt 00:00:29]} 7. Bd3 {[%clk
01:33:28]} {[%emt 00:00:06]} O-O {[%clk 01:31:59]} {[%emt 00:00:21]} 8. Ne2
{[%clk 01:33:42]} {[%emt 00:00:18]} Nd7 {[%clk 01:31:44]} {[%emt 00:00:44]} 9.
O-O {[%clk 01:33:58]} {[%emt 00:00:15]} Re8 {[%clk 01:31:52]} {[%emt 00:00:22]}
10. c4 {[%clk 01:34:09]} {[%emt 00:00:19]} Nf8 {[%clk 01:31:45]} {[%emt
00:00:34]} 11. Qc2 {[%clk 01:34:19]} {[%emt 00:00:22]} Ng6 {[%clk 01:31:03]}
{[%emt 00:01:12]} 12. h3 {[%clk 01:33:10]} {[%emt 00:01:38]} Be6 {[%clk
01:30:26]} {[%emt 00:01:07]} 13. Rad1 {[%clk 01:30:22]} {[%emt 00:03:18]} Rc8
{[%clk 01:27:52]} {[%emt 00:03:03]} 14. Nc3 {[%clk 01:28:07]} {[%emt 00:02:46]}
Qd7 {[%clk 01:26:20]} {[%emt 00:02:03]} 15. Ne4 {[%clk 01:24:05]} {[%emt
00:04:31]} Bxh3 {[%clk 01:19:47]} {[%emt 00:07:04]} 16. Nxd6 {[%clk 01:17:39]}
{[%emt 00:06:56]} Qxd6 {[%clk 01:19:45]} {[%emt 00:00:32]} 17. Bxg6 {[%clk
01:05:12]} {[%emt 00:12:57]} hxg6 {[%clk 01:18:12]} {[%emt 00:02:02]} 18. gxh3
{[%clk 01:04:16]} {[%emt 00:01:26]} Qd7 {[%clk 01:16:59]} {[%emt 00:01:44]} 19.
Kg2 {[%clk 01:02:58]} {[%emt 00:01:46]} g5 {[%clk 01:14:34]} {[%emt 00:02:56]}
20. Rh1 {[%clk 00:57:05]} {[%emt 00:06:21]} Re6 {[%clk 01:12:46]} {[%emt
00:02:21]} 21. Qf5 {[%clk 00:53:46]} {[%emt 00:03:47]} g6 {[%clk 01:08:48]}
{[%emt 00:04:30]} 22. Qg4 {[%clk 00:51:53]} {[%emt 00:02:19]} Qc7 {[%clk
01:05:54]} {[%emt 00:03:28]} 23. Rhe1 {[%clk 00:46:04]} {[%emt 00:06:15]} Rce8
{[%clk 01:01:32]} {[%emt 00:04:55]} 24. Bd2 {[%clk 00:44:45]} {[%emt 00:01:49]}
Qb6 {[%clk 00:59:26]} {[%emt 00:02:37]} 25. b3 {[%clk 00:40:01]} {[%emt
00:05:14]} f5 {[%clk 00:53:14]} {[%emt 00:06:43]} 26. Qxg5 {[%clk 00:37:53]}
{[%emt 00:02:36]} Qxd4 {[%clk 00:52:35]} {[%emt 00:01:11]} 27. Bb4 {[%clk
00:35:53]} {[%emt 00:02:28]} Qb6 {[%clk 00:51:55]} {[%emt 00:01:11]} 28. Rxe6
{[%clk 00:35:53]} {[%emt 00:00:30]} Rxe6 {[%clk 00:50:50]} {[%emt 00:01:36]}
29. Rd8+ {[%clk 00:36:11]} {[%emt 00:00:11]} Kh7 {[%clk 00:50:59]} {[%emt
00:00:22]} 30. Qh4+ {[%clk 00:36:30]} {[%emt 00:00:10]} Kg7 {[%clk 00:51:20]}
{[%emt 00:00:09]} 31. Qh8# {[%emt 00:00:05]} 1-0

[Event "Deutsche Ländermeisterschaft 2023"]
[Site "Hannover GER"]
[Date "2023.10.04"]
[Round "6"]
[White "Schröder, Hannes Artur"]
[Black "Shevchenko, Igor"]
[Result "0-1"]
[Termination "normal"]
[Board "7.7"]
[WhiteElo "1261"]
[BlackElo "1521"]
[WhiteClock "00:26:56"]
[BlackClock "01:19:54"]
[WhiteTeam "Mecklenburg-Vorpommern"]
[BlackTeam "Sachsen-Anhalt"]
[PlyCount "136"]
[WhiteFideId "34608818"]
[BlackFideId "34634924"]
[EventCountry "GER"]
[EventRounds "7"]
[EventType "team-swiss"]
[EventDate "2023.09.30"]

1. e4 {[%clk 01:30:59]} c6 {[%clk 01:30:45]} {[%emt 00:00:15]} 2. d4 {[%clk
01:31:19]} {[%emt 00:00:10]} d5 {[%clk 01:30:58]} {[%emt 00:00:17]} 3. exd5
{[%clk 01:31:37]} {[%emt 00:00:12]} cxd5 {[%clk 01:31:23]} {[%emt 00:00:05]} 4.
Bd3 {[%clk 01:31:57]} {[%emt 00:00:11]} Nc6 {[%clk 01:31:36]} {[%emt 00:00:16]}
5. c3 {[%clk 01:32:14]} {[%emt 00:00:13]} Qc7 {[%clk 01:31:48]} {[%emt
00:00:18]} 6. h3 {[%clk 01:30:54]} {[%emt 00:01:50]} g6 {[%clk 01:31:28]}
{[%emt 00:00:50]} 7. Nf3 {[%clk 01:30:22]} {[%emt 00:01:02]} Bf5 {[%clk
01:31:15]} {[%emt 00:00:43]} 8. Be3 {[%clk 01:28:44]} {[%emt 00:02:08]} Nf6
{[%clk 01:30:41]} {[%emt 00:01:05]} 9. Qc2 {[%clk 01:22:21]} {[%emt 00:06:52]}
Bxd3 {[%clk 01:31:02]} {[%emt 00:00:09]} 10. Qxd3 {[%clk 01:22:42]} {[%emt
00:00:09]} Bg7 {[%clk 01:31:00]} {[%emt 00:00:32]} 11. Nbd2 {[%clk 01:22:17]}
{[%emt 00:00:54]} a6 {[%clk 01:31:18]} {[%emt 00:00:13]} 12. O-O {[%clk
01:21:26]} {[%emt 00:01:21]} O-O {[%clk 01:31:25]} {[%emt 00:00:23]} 13. Rfe1
{[%clk 01:21:32]} {[%emt 00:00:25]} Rfe8 {[%clk 01:31:11]} {[%emt 00:00:44]}
14. Bg5 {[%clk 01:19:38]} {[%emt 00:02:24]} Rac8 {[%clk 01:26:08]} {[%emt
00:05:31]} 15. Bh4 {[%clk 01:18:06]} {[%emt 00:02:04]} Nh5 {[%clk 01:22:37]}
{[%emt 00:04:01]} 16. Nf1 {[%clk 01:14:54]} {[%emt 00:03:41]} Qd6 {[%clk
01:17:31]} {[%emt 00:05:33]} 17. Bg3 {[%clk 01:09:18]} {[%emt 00:06:08]} Nxg3
{[%clk 01:17:49]} {[%emt 00:00:13]} 18. Nxg3 {[%clk 01:09:41]} {[%emt
00:00:07]} Na5 {[%clk 01:09:53]} {[%emt 00:08:25]} 19. Rac1 {[%clk 01:05:51]}
{[%emt 00:04:20]} Bh6 {[%clk 01:08:07]} {[%emt 00:02:18]} 20. Rc2 {[%clk
01:04:33]} {[%emt 00:01:47]} b5 {[%clk 01:07:39]} {[%emt 00:00:58]} 21. Nd2
{[%clk 00:52:00]} {[%emt 00:13:03]} Nc4 {[%clk 01:05:44]} {[%emt 00:02:25]} 22.
Nxc4 {[%clk 00:50:26]} {[%emt 00:02:03]} Rxc4 {[%clk 01:05:52]} {[%emt
00:00:23]} 23. a3 {[%clk 00:49:50]} {[%emt 00:01:05]} Rec8 {[%clk 01:06:07]}
{[%emt 00:00:15]} 24. Rce2 {[%clk 00:47:30]} {[%emt 00:02:50]} e6 {[%clk
01:05:51]} {[%emt 00:00:46]} 25. Nf1 {[%clk 00:42:58]} {[%emt 00:05:03]} Bg7
{[%clk 01:05:31]} {[%emt 00:00:50]} 26. Nd2 {[%clk 00:41:27]} {[%emt 00:02:00]}
R4c6 {[%clk 01:05:33]} {[%emt 00:00:28]} 27. Nb3 {[%clk 00:41:20]} {[%emt
00:00:37]} Rb6 {[%clk 01:05:12]} {[%emt 00:00:51]} 28. Qd2 {[%clk 00:36:20]}
{[%emt 00:05:29]} Bf8 {[%clk 01:04:03]} {[%emt 00:01:40]} 29. Qg5 {[%clk
00:33:11]} {[%emt 00:03:38]} Qc7 {[%clk 01:04:10]} {[%emt 00:00:24]} 30. Nd2
{[%clk 00:31:57]} {[%emt 00:01:44]} a5 {[%clk 01:04:04]} {[%emt 00:00:37]} 31.
Nf3 {[%clk 00:28:16]} {[%emt 00:04:10]} b4 {[%clk 01:02:52]} {[%emt 00:01:42]}
32. axb4 {[%clk 00:27:56]} {[%emt 00:00:50]} axb4 {[%clk 01:03:18]} {[%emt
00:00:04]} 33. cxb4 {[%clk 00:28:06]} {[%emt 00:00:20]} Bxb4 {[%clk 01:03:42]}
{[%emt 00:00:06]} 34. Rb1 {[%clk 00:27:50]} {[%emt 00:00:46]} Qc4 {[%clk
01:03:12]} {[%emt 00:01:00]} 35. Qe3 {[%clk 00:26:41]} {[%emt 00:01:37]} Bd6
{[%clk 01:02:11]} {[%emt 00:01:30]} 36. Ne5 {[%clk 00:25:33]} {[%emt 00:01:40]}
Qa2 {[%clk 01:01:18]} {[%emt 00:01:18]} 37. Qd3 {[%clk 00:24:17]} {[%emt
00:01:51]} Rb3 {[%clk 00:53:44]} {[%emt 00:08:02]} 38. Qd1 {[%clk 00:23:31]}
{[%emt 00:01:18]} Qa4 {[%clk 00:49:19]} {[%emt 00:04:44]} 39. Re3 {[%clk
00:20:48]} {[%emt 00:03:25]} Rb4 {[%clk 00:49:44]} {[%emt 00:00:06]} 40. Qxa4
{[%clk 00:19:34]} {[%emt 00:01:43]} Rxa4 {[%clk 00:50:12]} {[%emt 00:00:03]}
41. Nf3 {[%clk 00:19:43]} {[%emt 00:00:20]} Rb4 {[%clk 00:50:17]} {[%emt
00:00:24]} 42. b3 {[%clk 00:18:11]} {[%emt 00:02:02]} Rcb8 {[%clk 00:50:15]}
{[%emt 00:00:34]} 43. Rc3 {[%clk 00:17:39]} {[%emt 00:00:58]} Be7 {[%clk
00:50:30]} {[%emt 00:00:17]} 44. Kf1 {[%clk 00:17:20]} {[%emt 00:00:49]} Bf6
{[%clk 00:50:43]} {[%emt 00:00:17]} 45. Rd3 {[%clk 00:17:39]} {[%emt 00:00:11]}
h5 {[%clk 00:50:59]} {[%emt 00:00:14]} 46. h4 {[%clk 00:17:47]} {[%emt
00:00:21]} Rc8 {[%clk 00:50:41]} {[%emt 00:00:48]} 47. Ke2 {[%clk 00:16:52]}
{[%emt 00:01:24]} Rc2+ {[%clk 00:50:58]} {[%emt 00:00:14]} 48. Ke3 {[%clk
00:16:35]} {[%emt 00:00:47]} Kg7 {[%clk 00:50:25]} {[%emt 00:01:03]} 49. g3
{[%clk 00:15:55]} {[%emt 00:01:10]} Be7 {[%clk 00:49:33]} {[%emt 00:01:22]} 50.
Rd2 {[%clk 00:13:01]} {[%emt 00:03:23]} Rxd2 {[%clk 00:49:18]} {[%emt
00:00:46]} 51. Kxd2 {[%clk 00:13:20]} {[%emt 00:00:11]} f6 {[%clk 00:49:35]}
{[%emt 00:00:13]} 52. Kc3 {[%clk 00:13:06]} {[%emt 00:00:44]} Rb7 {[%clk
00:49:42]} {[%emt 00:00:23]} 53. b4 {[%clk 00:12:39]} {[%emt 00:00:58]} Bd6
{[%clk 00:50:01]} {[%emt 00:00:10]} 54. b5 {[%clk 00:11:36]} {[%emt 00:01:32]}
Kf7 {[%clk 00:50:24]} {[%emt 00:00:07]} 55. Kd3 {[%clk 00:10:25]} {[%emt
00:01:40]} Ke7 {[%clk 00:50:42]} {[%emt 00:00:13]} 56. Ne1 {[%clk 00:06:46]}
{[%emt 00:04:09]} Kd7 {[%clk 00:50:53]} {[%emt 00:00:18]} 57. f4 {[%clk
00:05:58]} {[%emt 00:01:18]} Kc7 {[%clk 00:50:22]} {[%emt 00:01:01]} 58. Rc1+
{[%clk 00:04:59]} {[%emt 00:01:29]} Kd7 {[%clk 00:50:07]} {[%emt 00:00:47]} 59.
Rb1 {[%clk 00:04:37]} {[%emt 00:00:51]} e5 {[%clk 00:49:43]} {[%emt 00:00:55]}
60. Ng2 {[%clk 00:02:50]} {[%emt 00:02:16]} e4+ {[%clk 00:49:40]} {[%emt
00:00:33]} 61. Kd2 {[%clk 00:02:38]} {[%emt 00:00:41]} Bc7 {[%clk 00:49:00]}
{[%emt 00:01:10]} 62. Ne3 {[%clk 00:02:20]} {[%emt 00:00:49]} Ke6 {[%clk
00:49:12]} {[%emt 00:00:18]} 63. Ke2 {[%clk 00:00:59]} {[%emt 00:01:51]} Bb6
{[%clk 00:49:26]} {[%emt 00:00:16]} 64. Rb4 {[%clk 00:00:49]} {[%emt 00:00:39]}
Ra7 {[%clk 00:49:36]} {[%emt 00:00:21]} 65. Nc2 {[%clk 00:29:34]} {[%emt
00:01:44]} Ra2 {[%clk 01:19:24]} {[%emt 00:00:42]} 66. Kd2 {[%clk 00:29:37]}
{[%emt 00:00:27]} Ba5 {[%clk 01:19:39]} {[%emt 00:00:17]} 67. Kc3 {[%clk
00:28:22]} {[%emt 00:01:44]} Rxc2+ {[%clk 01:19:46]} {[%emt 00:00:24]} 68. Kxc2
{[%clk 00:26:56]} {[%emt 00:01:56]} Bxb4 {[%clk 01:19:54]} {[%emt 00:00:22]}
0-1

[Event "Deutsche Ländermeisterschaft 2023"]
[Site "Hannover GER"]
[Date "2023.10.04"]
[Round "6"]
[White "Rössling, Laura Marie"]
[Black "Briese, Sophie"]
[Result "1-0"]
[Termination "normal"]
[Board "7.8"]
[WhiteElo "1285"]
[BlackElo "1240"]
[WhiteClock "00:11:30"]
[BlackClock "00:39:48"]
[WhiteTeam "Sachsen-Anhalt"]
[BlackTeam "Mecklenburg-Vorpommern"]
[PlyCount "99"]
[WhiteFideId "16289471"]
[BlackFideId "34660305"]
[EventCountry "GER"]
[EventRounds "7"]
[EventType "team-swiss"]
[EventDate "2023.09.30"]

1. e4 {[%clk 01:30:57]} {[%emt 00:00:02]} c5 {[%clk 01:30:51]} {[%emt
00:00:09]} 2. Nf3 {[%clk 01:31:19]} {[%emt 00:00:07]} e6 {[%clk 01:31:12]}
{[%emt 00:00:10]} 3. d4 {[%clk 01:31:41]} {[%emt 00:00:08]} cxd4 {[%clk
01:31:35]} {[%emt 00:00:08]} 4. Nxd4 {[%clk 01:32:03]} {[%emt 00:00:07]} a6
{[%clk 01:31:56]} {[%emt 00:00:10]} 5. Bd3 {[%clk 01:32:18]} {[%emt 00:00:14]}
Nf6 {[%clk 01:32:02]} {[%emt 00:00:24]} 6. O-O {[%clk 01:29:05]} {[%emt
00:03:43]} e5 {[%clk 01:32:09]} {[%emt 00:00:23]} 7. Nb3 {[%clk 01:28:22]}
{[%emt 00:01:10]} d5 {[%clk 01:31:36]} {[%emt 00:01:06]} 8. exd5 {[%clk
01:24:26]} {[%emt 00:04:26]} Nxd5 {[%clk 01:31:55]} {[%emt 00:00:11]} 9. Re1
{[%clk 01:23:02]} {[%emt 00:01:50]} Bd6 {[%clk 01:31:31]} {[%emt 00:00:58]} 10.
Qf3 {[%clk 01:20:42]} {[%emt 00:02:45]} Be6 {[%clk 01:24:18]} {[%emt 00:07:47]}
11. a3 {[%clk 01:11:07]} {[%emt 00:10:06]} Qf6 {[%clk 01:22:29]} {[%emt
00:02:19]} 12. Qe4 {[%clk 01:09:28]} {[%emt 00:02:02]} Nc6 {[%clk 01:21:09]}
{[%emt 00:01:57]} 13. c4 {[%clk 01:06:47]} {[%emt 00:03:05]} Nf4 {[%clk
01:19:50]} {[%emt 00:01:55]} 14. Bxf4 {[%clk 01:04:54]} {[%emt 00:02:23]} Qxf4
{[%clk 01:19:50]} {[%emt 00:00:30]} 15. Qe2 {[%clk 01:03:55]} {[%emt 00:01:28]}
Nd4 {[%clk 01:16:18]} {[%emt 00:04:04]} 16. Nxd4 {[%clk 01:00:23]} {[%emt
00:04:00]} exd4 {[%clk 01:16:36]} {[%emt 00:00:13]} 17. g3 {[%clk 00:59:53]}
{[%emt 00:00:59]} Qh6 {[%clk 01:15:46]} {[%emt 00:01:19]} 18. Qf3 {[%clk
00:56:52]} {[%emt 00:03:29]} Rb8 {[%clk 01:14:46]} {[%emt 00:01:33]} 19. Qd5
{[%clk 00:55:49]} {[%emt 00:01:10]} Be7 {[%clk 01:11:11]} {[%emt 00:04:29]} 20.
Qa5 {[%clk 00:51:08]} {[%emt 00:05:02]} O-O {[%clk 01:09:44]} {[%emt 00:02:05]}
21. Qe5 {[%clk 00:49:05]} {[%emt 00:02:14]} Bf6 {[%clk 01:08:50]} {[%emt
00:01:43]} 22. Qe4 {[%clk 00:47:30]} {[%emt 00:00:54]} Bd7 {[%clk 01:08:02]}
{[%emt 00:02:29]} 23. Qg2 {[%clk 00:44:28]} {[%emt 00:03:11]} Bc6 {[%clk
01:07:32]} {[%emt 00:01:22]} 24. Qf1 {[%clk 00:40:11]} {[%emt 00:04:20]} Qh5
{[%clk 01:05:51]} {[%emt 00:02:37]} 25. Be2 {[%clk 00:38:49]} {[%emt 00:01:23]}
Qf5 {[%clk 01:04:57]} {[%emt 00:01:48]} 26. f3 {[%clk 00:38:14]} {[%emt
00:00:57]} Rfe8 {[%clk 01:02:28]} {[%emt 00:03:12]} 27. Nd2 {[%clk 00:37:36]}
{[%emt 00:01:00]} Qe6 {[%clk 00:58:07]} {[%emt 00:04:55]} 28. Bd3 {[%clk
00:30:48]} {[%emt 00:07:07]} Qd7 {[%clk 00:57:23]} {[%emt 00:01:27]} 29. Ne4
{[%clk 00:28:49]} {[%emt 00:02:21]} Bxe4 {[%clk 00:55:15]} {[%emt 00:02:48]}
30. Rxe4 {[%clk 00:28:06]} {[%emt 00:01:13]} Rxe4 {[%clk 00:55:22]} {[%emt
00:00:23]} 31. Bxe4 {[%clk 00:28:10]} {[%emt 00:00:26]} Rc8 {[%clk 00:54:57]}
{[%emt 00:00:56]} 32. Qd3 {[%clk 00:27:44]} {[%emt 00:00:53]} g6 {[%clk
00:54:42]} {[%emt 00:00:47]} 33. Rd1 {[%clk 00:26:22]} {[%emt 00:01:38]} Qh3
{[%clk 00:54:08]} {[%emt 00:01:08]} 34. b3 {[%clk 00:24:08]} {[%emt 00:02:52]}
b6 {[%clk 00:52:52]} {[%emt 00:01:48]} 35. a4 {[%clk 00:20:24]} {[%emt
00:04:07]} Rc5 {[%clk 00:50:56]} {[%emt 00:02:22]} 36. b4 {[%clk 00:18:55]}
{[%emt 00:02:09]} Rh5 {[%clk 00:50:38]} {[%emt 00:00:44]} 37. Qe2 {[%clk
00:16:20]} {[%emt 00:02:14]} Be5 {[%clk 00:46:11]} {[%emt 00:05:52]} 38. Qg2
{[%clk 00:12:39]} {[%emt 00:03:50]} Qxg2+ {[%clk 00:46:02]} {[%emt 00:00:59]}
39. Kxg2 {[%clk 00:12:59]} {[%emt 00:00:11]} Bg7 {[%clk 00:46:10]} {[%emt
00:00:22]} 40. f4 {[%clk 00:12:29]} {[%emt 00:01:01]} b5 {[%clk 00:46:12]}
{[%emt 00:00:27]} 41. axb5 {[%clk 00:11:50]} {[%emt 00:01:09]} axb5 {[%clk
00:46:35]} {[%emt 00:00:07]} 42. c5 {[%clk 00:12:06]} {[%emt 00:00:14]} Be5
{[%clk 00:41:44]} {[%emt 00:05:21]} 43. fxe5 {[%clk 00:11:15]} {[%emt
00:01:21]} Rxe5 {[%clk 00:41:58]} {[%emt 00:00:16]} 44. Rxd4 {[%clk 00:11:33]}
{[%emt 00:00:12]} Kf8 {[%clk 00:41:14]} {[%emt 00:01:14]} 45. Kf3 {[%clk
00:11:19]} {[%emt 00:00:43]} Ke7 {[%clk 00:40:40]} {[%emt 00:01:04]} 46. Bc6
{[%clk 00:11:27]} {[%emt 00:00:21]} f5 {[%clk 00:40:00]} {[%emt 00:01:12]} 47.
Bxb5 {[%clk 00:11:40]} {[%emt 00:00:17]} Ke6 {[%clk 00:39:27]} {[%emt
00:01:02]} 48. Rd6+ {[%clk 00:11:33]} {[%emt 00:00:37]} Kf7 {[%clk 00:39:31]}
{[%emt 00:00:26]} 49. Bc4+ {[%clk 00:11:33]} {[%emt 00:00:22]} Kg7 {[%clk
00:39:48]} {[%emt 00:00:21]} 50. Rd5 {[%clk 00:11:30]} {[%emt 00:00:15]} 1-0